|
|
|
|
| LEADER |
00000naa2a2200000 4500 |
| 001 |
612638 |
| 005 |
20260424153851.0 |
| 035 |
|
|
|a (RuTPU)RU\TPU\conf\10769
|
| 090 |
|
|
|a 612638
|
| 100 |
|
|
|a 20150622d2014 k y0rusy50 ca
|
| 101 |
0 |
|
|a rus
|
| 102 |
|
|
|a RU
|
| 135 |
|
|
|a drcn ---uucaa
|
| 181 |
|
0 |
|a i
|
| 182 |
|
0 |
|a b
|
| 200 |
1 |
|
|a Равновесный подход к анализу благополучия
|f В. А. Маланина
|
| 203 |
|
|
|a Текст
|c электронный
|
| 215 |
|
|
|a 1 файл(294 Кб)
|
| 300 |
|
|
|a Заглавие с экрана
|
| 320 |
|
|
|a [Библиогр.: с. 234 (6 назв.)]
|
| 337 |
|
|
|a Adobe Reader
|
| 463 |
|
1 |
|0 (RuTPU)RU\TPU\conf\2055
|t Общество и непрерывное благополучие человека
|o сборник научных трудов Международного научного симпозиума студентов и молодых ученых, г. Томск, 27-30 марта 2014 г.
|f Национальный исследовательский Томский политехнический университет (ТПУ) ; под ред. Г. А. Барышевой и др.
|v [С. 230-234]
|d 2014
|
| 610 |
1 |
|
|a электронный ресурс
|
| 610 |
1 |
|
|a труды учёных ТПУ
|
| 700 |
|
1 |
|a Маланина
|b В. А.
|c экономист
|c доцент Томского политехнического университета, кандидат экономических наук
|f 1977-
|g Вероника Анатольевна
|3 (RuTPU)RU\TPU\pers\34895
|9 18213
|
| 801 |
|
2 |
|a RU
|b 63413507
|c 20220407
|g RCR
|
| 856 |
4 |
|
|u http://earchive.tpu.ru/handle/11683/21325
|
| 856 |
4 |
|
|u http://www.lib.tpu.ru/fulltext/c/2014/C55/055.pdf
|
| 942 |
|
|
|c BK
|